Bảo lãnh - Tín dụng dự phòng và các điều luật áp dụng /
Gardado en:
| Autor Principal: | |
|---|---|
| Formato: | Sách giấy |
| Idioma: | Vietnamese |
| Publicado: |
Hà Nội :
Thống kê ,
2000
|
| Các nhãn: |
Engadir etiqueta
Sen Etiquetas, Sexa o primeiro en etiquetar este rexistro!
|
| Thư viện lưu trữ: | Thư viện Trường Đại học Đà Lạt |
|---|
| LEADER | 00609nam a2200241 4500 | ||
|---|---|---|---|
| 001 | DLU020018998 | ||
| 005 | ##11/5/2001 | ||
| 020 | # | # | |a 978- |
| 041 | # | # | |a vie |
| 082 | # | # | |a 346.082 |b NG-T |
| 100 | # | # | |a Nguyễn Trọng Thùy |
| 245 | # | # | |a Bảo lãnh - Tín dụng dự phòng và các điều luật áp dụng / |c Nguyễn Trọng Thùy |
| 260 | # | # | |a Hà Nội : |b Thống kê , |c 2000 |
| 300 | # | # | |a 310 tr.; |c 21 cm. |
| 992 | # | # | |a 26000 |
| 994 | # | # | |a DLU |
| 900 | # | # | |a False |
| 911 | # | # | |a Administrator |
| 925 | # | # | |a G |
| 926 | # | # | |a A |
| 927 | # | # | |a SH |
| 980 | # | # | |a Thư viện Trường Đại học Đà Lạt |